Estética, ética y hermenéutica /

Guardado en:
Autor Principal: Foucault, Michel
Formato: Libro
Publicado: Barcelona : Paidós, 1999
Series:Paidós Básica
Materias:
Etiquetas: Agregar Etiqueta
Sin Etiquetas, Sea el primero en etiquetar este registro!
LEADER 00689nam a22002415a 4500
001 CEM.cems013852
008 130507s1999##################000#0#####d
005 20210705085626.0
003 CEMS
245 1 0 |a Estética, ética y hermenéutica /  |c Michel Foucault 
260 |a Barcelona :  |b Paidós,  |c 1999 
300 |a 474 p. 
490 0 |a Paidós Básica 
500 |a Título original: Dits et écritstraducción de Ángel Gabilondo. 
590 |a 1028.013 
020 |a 8449307112 
100 1 |a Foucault, Michel 
653 |a Biblioteca TC 
653 |a Filosofía 
653 |a Estética 
653 |a Ética 
653 |a Hermenéutica 
859 |a CEMS  |b BIB. CEMS - 11 de abril  |h TC  |p 1028.013  |t Ej.1